000 00259nam a22001097a 4500
082 _a621.38835 SJO'A
100 _aSJOBBEMS, D. J. W
_956652
245 _aAERIALS TV AND FM RECEIVING AERIALS
260 _aLONDON
_bILIFFE
_c1964
300 _a110P
942 _cBK
999 _c567024
_d567024